000 00429nam a2200145Ia 4500
008 240729s9999 xx 000 0 und d
022 _a2597-8543
245 0 _aImprovement: Jurnal Ilmiah Untuk Peningkatan Mutu Manajemen Pendidikan
260 _aIndonesia
260 _bUniversitas Negeri Jakarta
650 _aEducation
856 _uhttps://doaj.org/toc/410520718f9d4cfab34e9fc41456123d
942 _2ddc
942 _cDOAJEJ
999 _c67069
_d67069
945 _a1
_bMadushi Gamage
_c1
_dMadushi Gamage